| 000 | 00381 a2200145 4500 | ||
|---|---|---|---|
| 020 | _a8120306724 | ||
| 082 | _a658.154 | ||
| 090 |
_c2738 _d2738 |
||
| 100 | _aWelsch Glenn A. | ||
| 245 |
_aBudgeting Profit Planing And Control _cGlenn A. Welsch |
||
| 250 | _a5th Ed. | ||
| 260 |
_aNew Delhi, India _bPrentice hall of india _c1998 |
||
| 300 | _a661 | ||
| 942 |
_aNBS _cBK _k658.154 WEL |
||
| 999 |
_c345229 _d345229 |
||